Our separate ways: black and white women and the struggle for professional identity. (Record no. 198003)
[ view plain ]
| 000 -LEADER | |
|---|---|
| fixed length control field | 00545nam a2200157Ia 4500 |
| 008 - FIXED-LENGTH DATA ELEMENTS--GENERAL INFORMATION | |
| fixed length control field | 210716s9999 xx 000 0 und d |
| 020 ## - INTERNATIONAL STANDARD BOOK NUMBER | |
| International Standard Book Number | 1578512778 |
| 041 ## - LANGUAGE CODE | |
| Language code of text/sound track or separate title | eng |
| 082 ## - DEWEY DECIMAL CLASSIFICATION NUMBER | |
| Classification number | 331.4089 BELE |
| 100 ## - MAIN ENTRY--PERSONAL NAME | |
| Personal name | Bell, Ella L J Edmondson;Nkomo, Stella M. |
| 245 ## - TITLE STATEMENT | |
| Title | Our separate ways: black and white women and the struggle for professional identity. |
| Remainder of title | Black and white women and the struggle for professional identity. |
| 250 ## - EDITION STATEMENT | |
| Edition statement | 1 |
| 260 ## - PUBLICATION, DISTRIBUTION, ETC. | |
| Place of publication, distribution, etc. | Boston |
| Name of publisher, distributor, etc. | Harvard Business School Press |
| 300 ## - PHYSICAL DESCRIPTION | |
| Extent | xi,339 |
| 650 ## - SUBJECT ADDED ENTRY--TOPICAL TERM | |
| Topical term or geographic name entry element | Industrial Relations |
| Withdrawn status | Lost status | Source of classification or shelving scheme | Damaged status | Not for loan | Collection code | Home library | Current library | Date acquired | Cost, normal purchase price | Total Checkouts | Full call number | Barcode | Date last seen | Cost, replacement price | Price effective from | Koha item type |
|---|---|---|---|---|---|---|---|---|---|---|---|---|---|---|---|---|
| Dewey Decimal Classification | Reference Book | MBA | St Aloysius Institute of Management & Information Technology | St Aloysius Institute of Management & Information Technology | 08/23/2004 | 1455.00 | 331.4089 BELE | MBA00568 | 07/21/2025 | 1164.00 | 07/16/2021 | Book |